000 00960nam0a22002771 4500
001 rc\24236
005 20260406151517.0
035 _a(NLR Aleph) 008750223
090 _a7802767
_c7802767
100 _a20021216d1991 |||y0rusy50 ca
101 0 _arus
102 _aRU
105 _ay |||||||||
200 1 _aАУТОГЕННАЯ тренировка
_fРесп. центр здоровья
_g[Сост. С.К. Мачуров, Н.Н. Мачурова]
210 _aСыктывкар
_cКРППО
_d1991
215 _a32 с.
_d17
320 _aБиблиогр.: с. 30-31
606 1 _aАутогенная тренировка
_2nlr_sh1
702 1 _aМачуров
_bС.К.
_4220
712 0 2 _a"Здоровье", коми респ. центр
_cСыктывкар
_9349692
_3RU\NLR\AUTH\889927014
801 0 _aRU
_bNLR
_gpsbo
801 1 _aRU
_bELAR
_2rusmarc
801 2 _aRU
_bNLR
_c20050429
_2rusmarc
852 _aNLR
_j91-2/1534
942 _cBOOK
980 _aNB